South Eastern Kenya University

Library Online Public Access Catalogue


Finance,insurance and real estate: (Record no. 13767)

MARC details
000 -LEADER
fixed length control field 00357nam a22001457a 4500
050 ## - LIBRARY OF CONGRESS CALL NUMBER
Classification number HC106.8
Item number .W53 2010
100 ## - MAIN ENTRY--PERSONAL NAME
Personal name Hudson,William
245 ## - TITLE STATEMENT
Title Finance,insurance and real estate
Statement of responsibility, etc. William Hudson
260 ## - PUBLICATION, DISTRIBUTION, ETC. (IMPRINT)
Place of publication, distribution, etc. U.S.A
Name of publisher, distributor, etc. McGrawHill Creat
Date of publication, distribution, etc. 2010
300 ## - PHYSICAL DESCRIPTION
Extent 133p
650 ## - SUBJECT ADDED ENTRY--TOPICAL TERM
Topical term following geographic name as entry element Finance
650 ## - SUBJECT ADDED ENTRY--TOPICAL TERM
Topical term following geographic name as entry element insurance
650 ## - SUBJECT ADDED ENTRY--TOPICAL TERM
Topical term following geographic name as entry element real estate
942 ## - ADDED ENTRY ELEMENTS (KOHA)
Source of classification or shelving scheme Library of Congress Classification
Koha item type General circulation
Holdings
Withdrawn status Lost status Source of classification or shelving scheme Damaged status Not for loan Home library Current library Shelving location Date acquired Source of acquisition Total Checkouts Full call number Barcode Date last seen Koha item type
    Library of Congress Classification     Main Campus Library Main Campus Library General Stacks 11/05/2016 Donations- Books for Africa   HC 106.8 .H8 2015/003171 11/05/2016 General circulation
Kitui, Kenya.
+254736116989
library@seku.ac.ke